Riconosci il Pokémon - Quiz n°207 - Statistics

Statistiche generali
  • Questo quiz è stato fatto 0 volte
  • Il punteggio medio è 0 su 10
Statistiche sulle risposte
Indizio Risposta % Corretto
Altezza 1,0 m
0%
Peso 17,5 kg
0%
Tasso di cattura 30 (8.8%)
0%
Sesso 50% ♂, 50% ♀
0%
Abilità Aiutinsetto; Lentifumé
0%
Tipo Coleottero / Buio
0%
Pokémon Lokix
0%
Tasso di allevamento Medio-Veloce
0%
Generazione Nona
0%
Stadio evoluzione Prima evoluzione
0%
Nessun quiz corrispondente trovato
Distribuzione punteggi
Percentuale di utenti per punteggio
Percentile per numero di risposta
I tuoi punteggi nel tempo
Non hai fatto questo quiz